000 00611nam a22001817a 4500
003 UA-OsUOA
001 13940
007 ta
008 20030703b un ||||| |||| 00| 0 ukr d
100 _aСавченко Н.
942 _cSA
040 _aUA-OsUOA
_cUA-OsUOA
_dUA-OsUOA
245 _aРеанімація старого клубу в Кустині [Рівнен. р-ну , де було сворено центр соц. служб для молоді]
300 _aС.1
955 _a0
773 0 _w0
_tВільне слово
_dРівне
_d2003
_g№46/13 черв./
650 7 _aЗайнятість
_2UDC
999 _c300101
_d300101